000 00325nam a2200121Ia 4500
008 240624s9999 xx 000 0 und d
041 _aeng
082 _a658.787 STR
100 _aSTARR MARTIN K
245 _aINVENTORY CONTROL THEORY AND PRACTICE
260 _c1962
_aLondon
_bPrentice-Hall
300 _aix, : 354 : p. : cm. ; 25
999 _c5241
_d5241